[Event "Amber-blind 2nd"]
[Site "Monte Carlo"]
[Date "1993.??.??"]
[Round "11"]
[White "Ljubojevic, Ljubomir"]
[Black "Karpov, Anatoly"]
[Result "1/2-1/2"]
[WhiteElo "2605"]
[BlackElo "2725"]
[PlyCount "113"]
[EventDate "1993.03.??"]
[Source "ChessBase"]

1. e4 c6 2. d3 d5 3. Nd2 e5 4. Ngf3 Bd6 5. g3 Nf6 6. Bg2 O-O 7. O-O Re8 8. b3 Bg4 9. h3 Bh5 10. Bb2 Nbd7 11. Qe1 a5 12. a3 Bxf3 13. Nxf3 b5 14. Qe2 Qc7 15. Rfe1 dxe4 16. dxe4 Nc5 17. Nh4 Ne6 18. Nf5 Bf8 19. c3 Nc5 20. Qc2 Rad8 21. b4 Na4 22. Bc1 c5 23. Bf1 Qc6 24. bxa5 c4 25. Bg5 Rc8 26. Bxf6 Qxf6 27. Ne3 Qa6 28. Nxc4 Rc5 29. Qb3 Nxc3 30. Nb2 Qxa5 31. a4 bxa4 32. Nxa4 Nxa4 33. Qxa4 Qxa4 34. Rxa4 Rec8 35. Kg2 g6 36. Ba6 R8c7 37. Re2 Rc3 38. Bb5 Kg7 39. h4 Bc5 40. Raa2 Bd4 41. Ba4 f5 42. exf5 gxf5 43. Rac2 Kf6 44. Rxc3 Bxc3 45. Rc2 e4 46. Bb5 Ke5 47. Be2 f4 48. gxf4+ Kxf4 49. Kh3 Rc5 50. Kg2 Rc6 51. Kh3 Ke5 52. Bf1 Kd4 53. Bg2 Re6 54. Re2 Bb4 55. Rxe4+ Rxe4 56. Bxe4 Kxe4 57. Kg2 1/2-1/2

[Event "Bilbao"]
[Site "Bilbao"]
[Date "1987.??.??"]
[Round "?"]
[White "Ljubojevic, Ljubomir"]
[Black "Karpov, Anatoly"]
[Result "1/2-1/2"]
[WhiteElo "2620"]
[BlackElo "2710"]
[PlyCount "31"]
[EventDate "1987.06.??"]
[Source "ChessBase"]

1. e4 c6 2. d3 d5 3. Nd2 e5 4. Ngf3 Bd6 5. Qe2 Qe7 6. d4 exd4 7. exd5 cxd5 8. Nxd4 Nc6 9. N2f3 Bd7 10. Bg5 Qxe2+ 11. Bxe2 Nge7 12. O-O-O Rd8 13. Rhe1 f6 14. Be3 Bb8 15. g3 Ne5 16. Bd2 1/2-1/2

[Event "Cork"]
[Site "Cork"]
[Date "1988.??.??"]
[Round "?"]
[White "Ljubojevic, Ljubomir"]
[Black "Karpov, Anatoly"]
[Result "1-0"]
[WhiteElo "2610"]
[BlackElo "2715"]
[PlyCount "84"]
[EventDate "1988.??.??"]
[Source "www.chesslib.no"]
[SourceDate "2004.05.04"]

1. e4 c6 2. d3 d5 3. Nd2 g6 4. Ngf3 Bg7 5. g3 Bg4 6. h3 Bxf3 7. Qxf3 e6 8. h4 Nd7 9. Qe2 Qb6 10. Bg2 Ne7 11. O-O Qa6 12. a4 O-O 13. h5 dxe4 14. Nxe4 Nf5 15. hxg6 hxg6 16. Ra3 Nf6 17. Nd2 Nd5 18. c3 Rad8 19. Re1 Rfe8 20. a5 Nde7 21. Ne4 Qb5 22. Qc2 Nd6 23. Rb3 Qxa5 24. Nxd6 Rxd6 25. Rxb7 Qa6 26. Qb3 Qxd3 27. Bf4 Rd7 28. Be4 Rxb7 29. Qxb7 Qd8 30. Qxa7 Nd5 31. Bc1 Qb8 32. Qxb8 Rxb8 33. Kf1 Kf8 34. Ke2 Ke7 35. Kd3 Kd6 36. Kc2 e5 37. Rd1 f5 38. Bd3 e4 39. Bc4 Be5 40. b4 Ke6 41. Be3 Kd6 42. Bc5+ Ke6 1-0

[Event "Euwe mem"]
[Site "Amsterdam"]
[Date "1988.??.??"]
[Round "?"]
[White "Ljubojevic, Ljubomir"]
[Black "Karpov, Anatoly"]
[Result "1-0"]
[WhiteElo "2610"]
[BlackElo "2715"]
[PlyCount "73"]
[EventDate "1988.03.??"]
[Source "ChessBase"]

1. e4 c6 2. d3 e5 3. Nd2 Nf6 4. Ngf3 d6 5. g3 g6 6. Bg2 Bg7 7. O-O O-O 8. a4 Nbd7 9. a5 Re8 10. b4 Rb8 11. Bb2 b5 12. axb6 axb6 13. Ra7 Bb7 14. c4 Qc7 15. Qb3 Ra8 16. Rxa8 Bxa8 17. Ra1 d5 18. cxd5 cxd5 19. Ng5 Qd6 20. exd5 Bxd5 21. Nc4 Qc6 22. Ne3 Bxb3 23. Bxc6 h6 24. Ra3 hxg5 25. Rxb3 Bf8 26. Kg2 Re6 27. Bb5 Kg7 28. h3 Be7 29. Bc3 Bd6 30. Ra3 Bb8 31. Ra8 Re7 32. Bd2 e4 33. d4 Bc7 34. Rc8 Nf8 35. Bc3 N8h7 36. Bc6 Nf8 37. b5 1-0

[Event "Buenos Aires"]
[Site "Buenos Aires"]
[Date "1980.??.??"]
[Round "?"]
[White "Ljubojevic, Ljubomir"]
[Black "Karpov, Anatoly"]
[Result "1/2-1/2"]
[WhiteElo "2590"]
[BlackElo "2725"]
[PlyCount "73"]
[EventDate "1980.10.??"]
[Source "ChessBase"]

1. e4 c6 2. d3 d5 3. Nd2 e5 4. Ngf3 Bd6 5. g3 Nf6 6. Bg2 O-O 7. O-O Re8 8. Re1 Nbd7 9. c3 dxe4 10. dxe4 Qc7 11. Qc2 a5 12. Nc4 Bf8 13. a4 b5 14. Na3 Ba6 15. Bf1 Reb8 16. b3 h6 17. h3 bxa4 18. bxa4 Bxf1 19. Kxf1 Nb6 20. Kg2 Nfd7 21. Nd2 Qd6 22. Nac4 Nxc4 23. Nxc4 Qe6 24. Qe2 Nb6 25. Nb2 Qb3 26. Be3 Qxc3 27. Nd3 Nc4 28. Rec1 Nxe3+ 29. Qxe3 Qd4 30. Qxd4 exd4 31. Rxc6 Rb3 32. Rd1 Rc3 33. Ne5 f6 34. Nc4 d3 35. Nxa5 Rxc6 36. Nxc6 Rxa4 37. Rxd3 1/2-1/2

[Event "Linares"]
[Site "?"]
[Date "1990.??.??"]
[Round "?"]
[White "Ljubojevic, Lj"]
[Black "Ivanchuk, V."]
[Result "0-1"]
[WhiteElo "2625"]
[BlackElo "2665"]
[PlyCount "88"]
[EventDate "1990.??.??"]
[Source "ChessBase"]
[SourceDate "1990.01.01"]

1. e4 c6 2. d3 e5 3. Nf3 Nf6 4. Be2 d6 5. O-O Nbd7 6. Re1 g6 7. a4 Bg7 8. Nc3 O-O 9. d4 exd4 10. Nxd4 Re8 11. Bf1 Nc5 12. f3 d5 13. e5 Nh5 14. g4 Rxe5 15. Rxe5 Bxe5 16. gxh5 Qh4 17. f4 Qg4+ 18. Bg2 Qxd1+ 19. Nxd1 Bxd4+ 20. Be3 Bxe3+ 21. Nxe3 d4 22. b4 Ne6 23. Nc4 Nxf4 24. Nd6 Nxg2 25. Kxg2 Bf5 26. Rd1 Bxc2 27. Rxd4 Rd8 28. a5 Kf8 29. Nb5 Rxd4 30. Nxd4 Ba4 31. Kg3 Ke7 32. Kf4 f6 33. hxg6 hxg6 34. h4 Kd6 35. Ne2 Bc2 36. Nc3 Ke6 37. Kf3 Kf5 38. Ke3 Kg4 39. b5 cxb5 40. Nxb5 Ba4 41. Nxa7 Bd7 42. Kd4 f5 43. Kc5 f4 44. Kd6 Ba4 0-1

[Event "otb"]
[Site "otb"]
[Date "2007.04.15"]
[Round "1.1"]
[White "Tiviakov Sergei"]
[Black "Mchedlishvili Mikheil"]
[Result "1/2-1/2"]
[WhiteElo "2663"]
[BlackElo "2609"]
[PlyCount "61"]
[Source "www.chesslib.no"]
[SourceDate "2004.05.04"]

1. e4 c6 2. d3 d5 3. Nd2 Qc7 4. Ngf3 Bg4 5. h3 Bh5 6. g3 e6 7. Bg2 Nd7 8. O-O Ngf6 9. Qe2 dxe4 10. dxe4 e5 11. g4 Bg6 12. Nh4 Bc5 13. c3 a5 14. Nf5 O-O 15. Nb3 Bb6 16. Bg5 Bxf5 17. gxf5 Rad8 18. Kh1 a4 19. Nd2 Nc5 20. Rad1 Nd3 21. Rb1 Rfe8 22. Nc4 Ba7 23. Ne3 Nf4 24. Bxf4 exf4 25. Ng4 Nd7 26. Rbd1 Ne5 27. Bf3 Kh8 28. Kg2 Qe7 29. Rxd8 Rxd8 30. Rd1 f6 31. Rxd8+ 1/2-1/2

[Event "Tch (Men) 2005/2006 NED"]
[Site "?"]
[Date "2005.11.05"]
[Round "3"]
[White "Tiviakov Sergei"]
[Black "Fridman Daniel"]
[Result "1/2-1/2"]
[WhiteElo "2700"]
[BlackElo "2564"]
[PlyCount "119"]
[EventDate "2005.??.??"]
[Source "www.chesslib.no"]
[SourceDate "2004.05.04"]

1. e4 c6 2. d3 e5 3. Nf3 Nf6 4. Nbd2 d6 5. g3 g6 6. Bg2 Bg7 7. O-O O-O 8. c3 Re8 9. Re1 Nbd7 10. b4 d5 11. Nb3 b6 12. Qc2 Bb7 13. c4 dxe4 14. dxe4 c5 15. bxc5 Nxc5 16. Nxc5 bxc5 17. Nd2 Nd7 18. Nb3 Qc7 19. Be3 Bf8 20. Rab1 Bc6 21. Qc3 Rab8 22. Rbd1 Rbd8 23. Rd2 Nb6 24. Rxd8 Rxd8 25. Qa5 Qc8 26. Bxc5 Nxc4 27. Qb4 Nb6 28. Bxf8 Rxf8 29. Qd6 Qe8 30. Qc7 Nc8 31. Bh3 Ba8 32. Rc1 Qa4 33. Nc5 Qc6 34. Nd7 Qxc7 35. Rxc7 Rd8 36. Nxe5 Nd6 37. f3 a6 38. Rd7 Rxd7 39. Bxd7 f6 40. Nd3 Kf7 41. Kf2 Ke7 42. Ba4 g5 43. g4 Nc4 44. Nc5 a5 45. Nb3 Nb2 46. Bb5 Nd1+ 47. Ke1 Nc3 48. Bc4 Nxa2 49. Nxa5 Nb4 50. Nb3 Bc6 51. Kd2 Bd7 52. Ke3 Nc2+ 53. Kd3 Ne1+ 54. Ke2 Ng2 55. Nd4 Kd6 56. Kf2 Nf4 57. Bg8 h5 58. gxh5 Nxh5 59. Ke2 Ke5 60. Bf7 1/2-1/2

[Event "Biel Interzonal"]
[Site "Biel"]
[Date "1993.??.??"]
[Round "11"]
[White "Georgiev, Kiril"]
[Black "Seirawan, Yasser"]
[Result "1/2-1/2"]
[WhiteElo "2660"]
[BlackElo "2575"]
[PlyCount "56"]
[EventDate "1993.07.??"]
[Source "ChessBase"]

1. e4 c6 2. d3 d5 3. Nd2 e5 4. Ngf3 Bd6 5. d4 exd4 6. exd5 cxd5 7. Nb3 Nf6 8. Bb5+ Nc6 9. Qe2+ Be6 10. Nbxd4 Qd7 11. Nxe6 fxe6 12. O-O O-O 13. c4 a6 14. cxd5 exd5 15. Ba4 Qg4 16. Bd1 Rae8 17. Qd3 Bc5 18. Bd2 Kh8 19. Rc1 Ba7 20. h3 Qd7 21. Bb3 Ne4 22. Qxd5 Qxd5 23. Bxd5 Nxd2 24. Bxc6 Re2 25. Nxd2 Rxd2 26. Bxb7 Rxb2 27. Bxa6 Rxa2 28. Rc8 Raxf2 1/2-1/2

[Event "Campionato europeo 2007"]
[Site "Dresda GER"]
[Date "2007.04.14"]
[Round "11.20"]
[White "Timofeev, Artyom"]
[Black "Solak, Dragan"]
[Result "1/2-1/2"]
[WhiteElo "2658"]
[BlackElo "2575"]
[PlyCount "135"]
[EventDate "2007.04.03"]
[Source "www.chesslib.no"]
[SourceDate "2004.05.04"]

1. e4 c6 2. d3 d5 3. Nd2 g6 4. c3 Bg7 5. Ngf3 Bg4 6. Qb3 Qd7 7. h3 Bxf3 8. Nxf3 e6 9. Bf4 Ne7 10. h4 h5 11. d4 dxe4 12. Ne5 Qc8 13. Nc4 Nf5 14. g3 Nd7 15. Bg2 Nf6 16. Be5 O-O 17. Bxf6 Bxf6 18. Bxe4 Qc7 19. O-O Rfd8 20. Bxf5 exf5 21. Rae1 f4 22. Ne5 Bxe5 23. Rxe5 fxg3 24. fxg3 Re8 25. Rfe1 Rxe5 26. Rxe5 c5 27. Qc4 b6 28. b4 Rc8 29. Kh2 Qb7 30. bxc5 Qf3 31. Qe2 Qxe2+ 32. Rxe2 bxc5 33. d5 c4 34. Kg2 Rc5 35. Rd2 Kf8 36. d6 Ke8 37. Re2+ Kd7 38. Re7+ Kxd6 39. Rxa7 Ke5 40. a4 Ke4 41. Rd7 Ke3 42. Rd4 f6 43. a5 g5 44. hxg5 fxg5 45. g4 h4 46. a6 Ra5 47. Rxc4 Ra2+ 48. Kh3 Kf2 49. Rb4 Rxa6 50. Rb5 Ra1 51. Rf5+ Ke3 52. Rxg5 Rh1+ 53. Kg2 Rc1 54. Rf5 Ke4 55. Rc5 Kf4 56. g5 Ra1 57. Kh2 Kg4 58. g6 Ra2+ 59. Kg1 Ra6 60. g7 Rg6 61. Rc7 Kf5+ 62. Kh2 Kf6 63. c4 Rxg7 64. Rxg7 Kxg7 65. c5 Kf6 66. c6 Ke6 67. Kh3 Kd6 68. Kxh4 1/2-1/2

[Event "Open"]
[Site "New York, NY USA"]
[Date "1995.??.??"]
[Round "9"]
[White "Adams, Michael"]
[Black "Morovic Fernandez, Ivan E"]
[Result "1/2-1/2"]
[WhiteElo "2655"]
[BlackElo "2575"]
[PlyCount "78"]
[EventDate "1995.??.??"]
[Source "www.chesslib.no"]
[SourceDate "2004.05.04"]

1. e4 c6 2. d3 d5 3. Nd2 e5 4. Ngf3 Bd6 5. d4 exd4 6. exd5 cxd5 7. Nxd4 Nc6 8. N2f3 Nf6 9. Be2 O-O 10. O-O Re8 11. Re1 Qb6 12. c3 Bg4 13. Be3 Bc5 14. Qb3 Nxd4 15. Nxd4 Bxe2 16. Qxb6 Bxb6 17. Rxe2 Bxd4 18. cxd4 Rac8 19. f3 Nd7 20. Rae1 Nf8 21. Kf2 f6 22. Bf4 Rxe2+ 23. Rxe2 Kf7 24. Ke1 Ne6 25. Be3 g5 26. Kd2 h5 27. Kd3 h4 28. b3 Ng7 29. Re1 Ne6 30. Bd2 Rg8 31. Re2 Ke8 32. Rf2 Rg7 33. h3 Ke7 34. Bb4+ Kd7 35. Bd2 Rg8 36. Re2 Rc8 37. Rf2 Ke7 38. Bb4+ Kd7 39. Bd2 Re8 1/2-1/2

[Event "New York Open"]
[Site "Newark, NJ USA"]
[Date "1995.??.??"]
[Round "9"]
[White "Adams, Michael"]
[Black "Morovic Fernandez, Ivan E"]
[Result "1/2-1/2"]
[WhiteElo "2655"]
[BlackElo "2575"]
[PlyCount "84"]
[EventDate "1995.04.12"]
[Source "www.chesslib.no"]
[SourceDate "2004.05.04"]

1. e4 c6 2. d3 d5 3. Nd2 e5 4. Ngf3 Bd6 5. d4 exd4 6. exd5 cxd5 7. Nxd4 Nc6 8. N2f3 Nf6 9. Be2 O-O 10. O-O Re8 11. Re1 Qb6 12. c3 Bg4 13. Be3 Bc5 14. Qb3 Nxd4 15. Nxd4 Bxe2 16. Qxb6 Bxb6 17. Rxe2 Bxd4 18. cxd4 Rac8 19. f3 Nd7 20. Rae1 Nf8 21. Kf2 f6 22. Bf4 Rxe2+ 23. Rxe2 Kf7 24. Ke1 Ne6 25. Be3 g5 26. Kd2 h5 27. Kd3 h4 28. b3 Ng7 29. Re1 Ne6 30. Bd2 Rg8 31. Re2 Re8 32. Rf2 Rg8 33. h3 Ke7 34. Bb4+ Kd7 35. Bd2 Ke7 36. Bb4+ Kf7 37. Bd2 Rg6 38. Re2 Rg8 39. Rf2 Ke8 40. Re2 Ke7 41. Bb4+ Kd7 42. Bd2 Re8 1/2-1/2

[Event "Amber-blind 2nd"]
[Site "Monte Carlo"]
[Date "1993.??.??"]
[Round "7"]
[White "Ljubojevic, Ljubomir"]
[Black "Christiansen, Larry Mark"]
[Result "1-0"]
[WhiteElo "2605"]
[BlackElo "2620"]
[PlyCount "77"]
[EventDate "1993.03.??"]
[Source "ChessBase"]

1. e4 c6 2. d3 g6 3. g3 Bg7 4. Bg2 e5 5. Nf3 d6 6. O-O Nd7 7. d4 Ngf6 8. Re1 O-O 9. c3 Re8 10. Nbd2 exd4 11. cxd4 Nf8 12. h3 Be6 13. b3 a5 14. Ba3 h6 15. e5 dxe5 16. dxe5 N6d7 17. Bd6 Bd5 18. Qc2 Ne6 19. Rad1 a4 20. b4 Qb6 21. Ne4 a3 22. Rd2 Qa6 23. Qd1 Nb6 24. Nc5 Qb5 25. Nxe6 Bxe6 26. Nd4 Qa4 27. Nxe6 Rxe6 28. Qc1 Rae8 29. f4 Nc8 30. Bc5 Ne7 31. Qd1 Qa6 32. Bf1 Qa8 33. Bc4 Nd5 34. Bxd5 cxd5 35. Rxd5 h5 36. h4 b6 37. Bd6 Rc8 38. Re3 Rc4 39. Rd4 1-0

[Event "Ehrat mem (SUI vs GER match)"]
[Site "Zuerich"]
[Date "1999.08.21"]
[Round "8"]
[White "Tischbierek, Raj"]
[Black "Kortschnoj, Viktor"]
[Result "1/2-1/2"]
[WhiteElo "2544"]
[BlackElo "2676"]
[PlyCount "163"]
[EventDate "1999.08.13"]
[Source "ChessBase"]
[SourceDate "1999.12.01"]

1. e4 c6 2. d3 d5 3. Nd2 g6 4. Ngf3 Bg7 5. g3 a5 6. Bg2 a4 7. O-O a3 8. Rb1 dxe4 9. Nxe4 axb2 10. Bxb2 Bxb2 11. Rxb2 Nf6 12. Nxf6+ exf6 13. Qe1+ Kf8 14. Qc3 Kg7 15. Nd2 Na6 16. Re1 Nc7 17. Nc4 Ra6 18. Qb4 b5 19. Ne3 Be6 20. Qc5 Qf8 21. Qxf8+ Rxf8 22. c4 Rd8 23. Rc1 Rxd3 24. cxb5 Nxb5 25. a4 Rc3 26. Rxc3 Nxc3 27. Rc2 Nxa4 28. Rxc6 Ra5 29. h4 Nc5 30. Kh2 Nd3 31. Rc2 Ra3 32. Kg1 f5 33. Rd2 f4 34. Nc2 Rc3 35. Nd4 fxg3 36. fxg3 Bg4 37. Kh2 Ne5 38. Bd5 Bd7 39. Kg2 h6 40. Ne2 Ra3 41. Nd4 Rc3 42. Re2 Kf6 43. Rf2+ Ke7 44. Rd2 Bg4 45. Rc2 Rxc2+ 46. Nxc2 Kd6 47. Ne3 Bd7 48. Bf3 Kc5 49. Kf2 Kd4 50. Be2 f5 51. Ng2 Be6 52. Nf4 Bc4 53. Bxc4 Kxc4 54. Ke3 Kc5 55. Ne6+ Kd5 56. Nf4+ Kd6 57. Kd4 g5 58. hxg5 hxg5 59. Nh3 g4 60. Nf2 Ke6 61. Ke3 Kf6 62. Kf4 Ng6+ 63. Ke3 Ke6 64. Nd3 Nf8 65. Nf2 Ke5 66. Nd3+ Kf6 67. Kf4 Ne6+ 68. Ke3 Ng5 69. Nf2 Kg6 70. Nd3 Nh3 71. Ne5+ Kf6 72. Nd3 Ng5 73. Nf2 Ne6 74. Nd3 Ng7 75. Nf4 Kf7 76. Kd4 Kf6 77. Kd5 Ne8 78. Nh5+ Kg5 79. Nf4 Nf6+ 80. Ke5 Nd7+ 81. Ke6 Nc5+ 82. Ke5 1/2-1/2

[Event "Bermuda-A"]
[Site "Bermuda"]
[Date "2002.01.21"]
[Round "1"]
[White "Vescovi, Giovanni P"]
[Black "Macieja, Bartlomiej"]
[Result "1/2-1/2"]
[WhiteElo "2590"]
[BlackElo "2612"]
[PlyCount "144"]
[EventDate "2002.01.21"]
[Source "ChessBase"]
[SourceDate "2002.03.21"]

1. e4 c6 2. d3 d5 3. Qe2 dxe4 4. dxe4 e5 5. Nf3 Bg4 6. h3 Bh5 7. Nbd2 Nd7 8. g3 Ngf6 9. Bg2 Bc5 10. O-O O-O 11. a4 Re8 12. Nc4 b5 13. Ncd2 a6 14. Nb3 Bf8 15. Bd2 Nb6 16. axb5 cxb5 17. Bg5 h6 18. Rfd1 Qe7 19. Bc1 Qb4 20. Nbd2 Qc5 21. c3 a5 22. g4 Bg6 23. Nh4 Bh7 24. Nf5 b4 25. Nb3 Qc7 26. Nxa5 bxc3 27. bxc3 Nbd7 28. Nb3 Qxc3 29. Rxa8 Rxa8 30. Qd3 Qxd3 31. Rxd3 Nc5 32. Nxc5 Bxc5 33. Bb2 Bxf5 34. exf5 Ra2 35. Bxe5 Bxf2+ 36. Kh1 Bh4 37. Bf4 Ra4 38. Be5 h5 39. Rd4 Ra5 40. Bc7 Rc5 41. Bb8 Kh7 42. Bf3 Rc3 43. Kg2 Rc2+ 44. Kh1 Rc3 45. Kg2 Rc2+ 46. Kh1 Kh6 47. Bf4+ Bg5 48. Bg3 Rc3 49. Kg2 Be3 50. Ra4 Rc2+ 51. Kf1 hxg4 52. hxg4 Kg5 53. Rb4 Rd2 54. Rb7 Nxg4 55. Rxf7 Bd4 56. Rd7 Ne3+ 57. Ke1 Ra2 58. Be2 Nxf5 59. Bc7 Bc3+ 60. Kf1 Ra1+ 61. Kg2 Ra2 62. Kf1 Bd4 63. Rd5 Kf6 64. Bd8+ Ke6 65. Rxd4 Ng3+ 66. Kf2 Nxe2 67. Re4+ Kd7 68. Rxe2 Rxe2+ 69. Kxe2 Kxd8 70. Kf3 Ke7 71. Kg4 Kf6 72. Kf4 g5+ 1/2-1/2

[Event "XX Open"]
[Site "Benidorm SPA"]
[Date "2007.04.30"]
[Round "9"]
[White "Strikovic, A."]
[Black "Gagunashvili, M."]
[Result "0-1"]
[WhiteElo "2563"]
[BlackElo "2625"]
[PlyCount "122"]
[EventDate "2007.04.23"]
[Source "www.chesslib.no"]
[SourceDate "2004.05.04"]

1. e4 c6 2. d3 d5 3. Nd2 g6 4. Ngf3 Bg7 5. g3 e5 6. Bg2 Ne7 7. O-O O-O 8. Re1 d4 9. a4 c5 10. Nc4 Nbc6 11. c3 Be6 12. cxd4 Bxc4 13. dxc4 cxd4 14. Bd2 a5 15. c5 b6 16. Rc1 Rb8 17. Bf1 bxc5 18. Rxc5 Rxb2 19. Qc1 Rb6 20. Bb5 Qd6 21. Qc4 Ra8 22. Rc1 Nd8 23. Rc7 Qf6 24. Bg5 Qxf3 25. Bxe7 Rbb8 26. Bd7 Bh6 27. Rf1 Rb2 28. Bg4 Qb3 29. Qc5 Ne6 30. Rc8+ Rxc8 31. Qxc8+ Nf8 32. Bd6 Bg7 33. Qe8 h5 34. Bd1 Qd3 35. Bxf8 Bxf8 36. Qxe5 Rd2 37. Bxh5 gxh5 38. Qxh5 Bg7 39. Qxa5 Rd1 40. Rxd1 Qxd1+ 41. Kg2 d3 42. Qd8+ Kh7 43. Qh4+ Bh6 44. Qf6 Qh5 45. Qf3 Qxf3+ 46. Kxf3 Bd2 47. e5 Bc3 48. Ke3 d2 49. Ke2 Kg6 50. f4 Kf5 51. h3 Bb4 52. h4 Kg4 53. Kd1 Bc3 54. Ke2 Kxg3 55. a5 Kxf4 56. a6 Bd4 57. Kxd2 Kxe5 58. Ke2 Kf4 59. Kd3 Ba7 60. h5 Kg5 61. Ke4 f6 0-1

[Event "Open"]
[Site "?"]
[Date "1998.04.09"]
[Round "5"]
[White "Eingorn Vereslav S"]
[Black "Lerner Konstantin Z"]
[Result "1/2-1/2"]
[WhiteElo "2605"]
[BlackElo "2575"]
[PlyCount "33"]
[EventDate "1998.??.??"]
[Source "www.chesslib.no"]
[SourceDate "2004.05.04"]

1. e4 c6 2. d3 d5 3. Nd2 g6 4. Ngf3 Bg7 5. g3 Bg4 6. Bg2 dxe4 7. dxe4 Nd7 8. h3 Bxf3 9. Qxf3 Ngf6 10. O-O O-O 11. Qe2 e5 12. a4 Qc7 13. Nc4 Nb6 14. Be3 Rfd8 15. a5 Nxc4 16. Qxc4 Ne8 17. Qb3 1/2-1/2

[Event "II Campionato Italiano Lampo Online"]
[Site "playchess.com"]
[Date "2007.12.23"]
[Round "1.4"]
[White "Godena, Michele"]
[Black "Rombaldoni, Denis"]
[Result "0-1"]
[WhiteElo "2622"]
[BlackElo "2553"]
[PlyCount "150"]
[EventDate "2007.12.23"]
[Source "www.chesslib.no"]
[SourceDate "2004.05.04"]

1. e4 c6 2. d3 d5 3. Nd2 g6 4. Ngf3 Bg7 5. g3 e5 6. Bg2 Ne7 7. O-O O-O 8. b4 a5 9. bxa5 Qxa5 10. Bb2 d4 11. Nc4 Qc7 12. a4 Be6 13. Nfd2 Nd7 14. c3 b5 15. axb5 cxb5 16. Rxa8 Rxa8 17. cxd4 bxc4 18. d5 c3 19. dxe6 cxb2 20. exd7 Qxd7 21. Qb3 Rd8 22. Qxb2 Qxd3 23. Nb1 Nc6 24. Qb6 Rd6 25. Rc1 Nd4 26. Qb8+ Bf8 27. Kh1 Ne2 28. Rf1 h5 29. Qb2 Bg7 30. Qa3 h4 31. Qxd3 Rxd3 32. Re1 Nd4 33. Bf1 Rb3 34. Bc4 Rb2 35. Rf1 Bf8 36. Bd5 Bb4 37. Kg2 Kg7 38. Kh3 hxg3 39. hxg3 f6 40. Kg4 f5+ 41. exf5 gxf5+ 42. Kh3 Kf6 43. f3 Ke7 44. Rc1 Kd6 45. Bg8 Nxf3 46. Rd1+ Nd4 47. g4 f4 48. g5 f3 49. g6 Ke7 50. Bd5 Kf6 51. Rg1 f2 52. Rf1 Kxg6 53. Kg2 Kf6 54. Rxf2+ Rxf2+ 55. Kxf2 Kg5 56. Be4 Kf4 57. Bh7 e4 58. Bg6 e3+ 59. Kf1 Kf3 60. Bh5+ Kg3 61. Be2 Kf4 62. Bc4 Ke5 63. Bd3 Kd6 64. Bc4 Kc5 65. Bd3 Bd2 66. Be2 Kb4 67. Nxd2 exd2 68. Bg4 Kc3 69. Kf2 Kd3 70. Bh5 Nc2 71. Bg6+ Kc3 72. Ke2 Nb4 73. Kd1 Nc6 74. Bh5 Nd4 75. Bg4 Nb5 0-1

[Event "Indonesien"]
[Site "Indonesien"]
[Date "1983.??.??"]
[Round "?"]
[White "Ljubojevic, Ljubomir"]
[Black "Lobron, Eric"]
[Result "1/2-1/2"]
[WhiteElo "2645"]
[BlackElo "2515"]
[PlyCount "25"]
[EventDate "1983.??.??"]
[Source "www.chesslib.no"]
[SourceDate "2004.05.04"]

1. e4 c6 2. d3 d5 3. Nd2 e5 4. Ngf3 Bd6 5. Be2 Ne7 6. O-O O-O 7. Re1 f5 8. c3 Nd7 9. Bf1 Kh8 10. g3 fxe4 11. dxe4 Ng6 12. Bg2 Nf6 13. Nb1 1/2-1/2

[Event "Petrosian Memorial"]
[Site "Erevan ARM"]
[Date "1994.??.??"]
[Round "?"]
[White "Akopian, Vladimir E"]
[Black "Anastasian, Ashot"]
[Result "1/2-1/2"]
[WhiteElo "2605"]
[BlackElo "2545"]
[PlyCount "75"]
[EventDate "1994.??.??"]
[Source "www.chesslib.no"]
[SourceDate "2004.05.04"]

1. e4 c6 2. d3 d5 3. Nd2 dxe4 4. dxe4 Nf6 5. Ngf3 Bg4 6. c3 Nbd7 7. Qc2 e6 8. Be2 Nc5 9. O-O Be7 10. Rd1 a5 11. Nc4 Qc7 12. e5 Bf5 13. Qd2 Nce4 14. Nd6+ Qxd6 15. exd6 Nxd2 16. Rxd2 Bf8 17. Rd4 Rd8 18. Bf4 Nd5 19. Bg3 f6 20. c4 Nb4 21. Rd2 c5 22. Nh4 Bg6 23. Nxg6 hxg6 24. Bf3 Nc6 25. Bxc6+ bxc6 26. Rd3 e5 27. Rad1 Kf7 28. f3 Ke6 29. d7 Be7 30. Bf2 Rb8 31. d8=Q Rhxd8 32. Rxd8 Bxd8 33. Bxc5 Be7 34. Bxe7 Kxe7 35. b3 a4 36. Rd3 axb3 37. axb3 Ra8 38. Kf2 1/2-1/2

[Event "56th ch-RUS"]
[Site "Krasnoyarsk"]
[Date "2003.09.11"]
[Round "8"]
[White "Tiviakov, Sergei"]
[Black "Riazantsev, Alexander"]
[Result "1-0"]
[WhiteElo "2613"]
[BlackElo "2533"]
[PlyCount "117"]
[EventDate "2003.09.03"]
[Source "Roberto Alvarez"]
[SourceDate "2003.09.15"]

1. e4 c6 2. d3 d5 3. Nd2 Nf6 4. e5 Nfd7 5. d4 c5 6. c3 Nc6 7. Ndf3 cxd4 8. cxd4 Nb6 9. Bd3 Bg4 10. h3 Bxf3 11. Nxf3 e6 12. O-O Be7 13. Re1 Qd7 14. a3 O-O-O 15. Qe2 Kb8 16. Be3 Rc8 17. Rac1 Rc7 18. Nd2 Na5 19. b4 Nac4 20. Bxc4 dxc4 21. Nxc4 Nxc4 22. Rxc4 Rxc4 23. Qxc4 Rc8 24. Qe2 Bd8 25. Qh5 h6 26. Qg4 g6 27. Bxh6 Bb6 28. Rd1 Qd5 29. Rd3 Rd8 30. Be3 Qc4 31. Qd1 Rd5 32. h4 Rd8 33. Qb3 Qc6 34. Qd1 Qe4 35. g3 Bc7 36. Rd2 Bb6 37. Qe2 Rc8 38. Kh2 Rc1 39. Rd1 Rc3 40. a4 a6 41. a5 Bc7 42. Qd2 Rb3 43. Bg5 Ka8 44. Re1 Qd5 45. Be7 Bb8 46. Bc5 Ra3 47. Kg1 Rb3 48. Qc2 Ra3 49. Qe4 Qd7 50. Kg2 Ra2 51. Qf3 Rb2 52. Rd1 Qa4 53. d5 exd5 54. Rxd5 Rb3 55. Qxf7 Rb1 56. Rd8 Qb5 57. Qd5 Qf1+ 58. Kf3 Qh1+ 59. Kg4 1-0

[Event "IBM"]
[Site "Amsterdam"]
[Date "1978.??.??"]
[Round "3"]
[White "Ljubojevic, Ljubomir"]
[Black "Pfleger, Helmut"]
[Result "1/2-1/2"]
[WhiteElo "2605"]
[BlackElo "2530"]
[PlyCount "82"]
[EventDate "1978.07.??"]
[Source "ChessBase"]

1. e4 c6 2. d3 d5 3. Nd2 g6 4. Ngf3 Bg7 5. Be2 dxe4 6. dxe4 Nf6 7. O-O O-O 8. a4 Nbd7 9. e5 Nd5 10. Nc4 N7b6 11. Qd4 Bf5 12. Qh4 f6 13. exf6 exf6 14. Nd4 Bd7 15. Na5 Qe7 16. c4 Nb4 17. c5 g5 18. Qg3 Qxc5 19. Ndb3 Qe7 20. Re1 Kh8 21. Be3 Nc2 22. Bc5 Qe5 23. Bxf8 Rxf8 24. Qxe5 fxe5 25. Nc5 Bc8 26. Naxb7 Nxe1 27. Rxe1 Bxb7 28. Nxb7 Nxa4 29. b3 Nc3 30. Bc4 e4 31. Nd6 Bd4 32. Nxe4 h5 33. g3 g4 34. Kh1 Re8 35. Bd3 Bxf2 36. Rf1 Nxe4 37. Bxe4 Rxe4 38. Rxf2 Rb4 39. Rc2 Rxb3 40. Rxc6 Rb1+ 41. Kg2 Rb2+ 1/2-1/2

[Event "FIDE-Wch k.o."]
[Site "Moscow"]
[Date "2001.11.28"]
[Round "1.2"]
[White "Kobese, Watu"]
[Black "Leko, Peter"]
[Result "1-0"]
[WhiteElo "2396"]
[BlackElo "2739"]
[PlyCount "117"]
[EventDate "2001.11.27"]
[Source "ChessBase"]
[SourceDate "2001.02.01"]

1. e4 c6 2. d3 d5 3. Nd2 e5 4. Ngf3 Bd6 5. Be2 Nf6 6. O-O O-O 7. c3 Re8 8. a4 a5 9. Re1 Nbd7 10. Bf1 h6 11. Qc2 Nf8 12. b3 Ng6 13. Bb2 dxe4 14. dxe4 Bc5 15. h3 Nh5 16. Ba3 Bxa3 17. Rxa3 Nhf4 18. Kh2 Qf6 19. Raa1 Bd7 20. Re3 b5 21. g3 Ne6 22. Rd3 Nc5 23. Rxd7 Nxd7 24. axb5 Ne7 25. Kg2 Reb8 26. bxc6 Nxc6 27. Bc4 Rc8 28. Qd3 Nb6 29. Bb5 Ne7 30. c4 Ng6 31. Qc3 Qd8 32. Nf1 Qc7 33. Ne3 Ra7 34. h4 h5 35. Qe1 Rca8 36. Nd5 Qc5 37. Qe2 f6 38. Rd1 Nf8 39. Ne1 Nxd5 40. exd5 g6 41. Nd3 Qb6 42. Nb2 Qd6 43. Na4 Rc7 44. Qe3 Rac8 45. Nc3 f5 46. Na4 Nh7 47. Qc3 f4 48. Qxa5 fxg3 49. fxg3 Rf7 50. Qa6 Qf8 51. Qe6 Nf6 52. Rf1 Kg7 53. d6 Rd8 54. c5 e4 55. Nc3 e3 56. Qxe3 Rb8 57. Bc4 Ra7 58. Qd4 Re8 59. c6 1-0